Statistics for Movies by their Fictional Films (Films Within Films)

Click here to take the quiz!

General Stats

  • This quiz has been taken 43 times
    (7 since last reset)
  • The average score is 6 of 16

Answer Stats

YearFictional FilmMovie% Correct
2007Itchy and Scratchy: The MovieThe Simpsons Movie
71%
1993Hamlet / Jack Slater III & IVLast Action Hero
57%
1997StabScream 2
57%
1999Terrance and PhillipSouth Park: Bigger, Longer, and Uncut
57%
1989Jaws 19Back to the Future Part II
43%
1990Angels with Filthy SoulsHome Alone
43%
1996Turbo Man: The Motion PictureJingle All the Way
43%
2007MachetePlanet Terror / Grindhouse
43%
1999Chubby Rain / Fake Purse NinjasBowfinger
29%
1988The Night the Reindeer DiedScrooged
29%
2008Satan's Alley / Simple JackTropic Thunder
29%
1989Gandhi II / Conan the LibrarianUHF
29%
1981Jews in SpaceHistory of the World, Part I
14%
2001Good Will Hunting 2: Hunting SeasonJay and Silent Bob Strike Back
14%
1998Logjammin'The Big Lebowski
14%
2013Pineapple Express 2: Blood RedThis is the End
14%

Score Distribution

Percentile by Number Answered

Percent of People with Each Score

Your Score History

You have not taken this quiz since the last reset